Statystyki dla Ciekawostki quiz #10 - 100 najpopularniejszych imion męskich w Polsce

Kliknij tutaj aby rozwiązać quiz!

Ogólne statystyki

  • Ten quiz został rozwiązany 53 razy
  • Średni wynik to 50 z 100

Statystyki odpowiedzi

MiejsceImięLiczba osób% Poprawnych
7Jan477 845
93%
1Piotr689 313
93%
9Jakub426 709
90%
6Michał492 093
88%
55Arkadiusz133 350
86%
13Mateusz377 011
86%
5Paweł506 006
86%
10Adam401 674
83%
4Andrzej533 141
83%
57Bartłomiej125 686
81%
24Szymon240 430
81%
23Kamil251 064
79%
2Krzysztof641 406
79%
3Tomasz536 774
79%
11Łukasz383 582
76%
12Marek378 001
76%
30Bartosz204 121
74%
19Maciej267 723
74%
15Stanisław366 180
74%
37Damian183 944
71%
28Kacper228 002
71%
45Karol165 749
71%
44Antoni169 877
69%
54Dominik134 888
69%
52Franciszek136 096
69%
8Marcin449 607
69%
25Dawid238 566
67%
39Patryk179 984
67%
58Wiktor114 841
67%
43Daniel170 020
64%
42Filip170 474
64%
14Grzegorz374 820
64%
32Tadeusz198 702
64%
22Robert259 284
62%
16Wojciech335 311
62%
18Dariusz283 981
60%
47Henryk160 865
60%
65Igor92 562
60%
17Mariusz286 869
57%
20Rafał261 766
57%
33Artur196 863
55%
48Aleksander154 503
52%
68Hubert89 347
52%
67Konrad90 609
52%
73Władysław70 920
52%
49Adrian148 895
50%
26Jerzy236 958
50%
40Mirosław179 134
50%
38Janusz180 439
48%
29Józef204 623
48%
53Mikołaj135 118
48%
46Przemysław165 702
48%
35Sebastian185 914
48%
21Zbigniew261 536
48%
94Cezary46 767
45%
61Krystian111 386
45%
78Nikodem65 048
45%
71Oskar77 197
45%
84Ireneusz59 158
43%
34Jarosław190 644
43%
74Maksymilian69 948
43%
56Marian128 983
43%
79Miłosz64 993
43%
63Radosław103 780
43%
62Waldemar106 227
43%
51Wiesław136 950
43%
77Czesław65 077
40%
27Jacek231 162
40%
82Leon59 412
40%
64Bogdan94 808
38%
59Leszek112 775
38%
70Marcel77 900
38%
41Roman174 905
38%
36Sławomir184 574
38%
66Zdzisław92 444
38%
98Zenon41 806
38%
97Gabriel43 293
36%
85Oliwier57 126
36%
31Ryszard201 190
36%
96Ignacy44 828
33%
50Kazimierz143 008
33%
87Stefan55 554
31%
95Włodzimierz45 993
31%
88Witold55 400
29%
69Edward79 225
26%
72Mieczysław75 622
26%
89Sylwester53 517
26%
91Alan51 681
24%
81Eugeniusz60 543
24%
99Julian41 697
24%
92Zygmunt50 796
24%
83Bogusław59 183
21%
93Maksym47 180
17%
60Oleksandr112 506
5%
75Serhii68 735
5%
76Andrii68 506
0%
86Dmytro56 180
0%
90Ivan52 751
0%
100Mykola41 309
0%
80Volodymyr61 938
0%

Rozkład punktacji

Percentyl według liczby udzielonych odpowiedzi

Procent ludzi z każdym wynikiem

Twoja historia wyników

Nie rozwiązałeś tego quizu